• 首页
  • 本馆介绍
  • 公告通知
  • 最新文献
  • 馆藏检索
  • 电子资源
  • 读者导购
  • 参考咨询
  • 我的图书馆
  • 登录
  • 详细信息显示
  • 放入我的书架
  • 预约/预借图书
  • 作者相关作品
  • 分类相关作品
  • 丛书相关作品
  • 出版社相关作品

书目信息

  • 表格格式
  • 工作单格式
  • 卡片格式
题名:
实践理性批判
    
 
作者: 康德 著 ;张永奇 译
分册:  
出版信息: 北京   九州出版社  2007
页数: 29,324页
开本: 23cm
丛书名: 西方学术经典文库
单 册:
中图分类: B91 , B516.31
科图分类:
主题词: 德国古典哲学 , 无神论
电子资源:
ISBN: 7-80195-566-8
000 01189oam2 2200313 450
001 003338050
005 20070805091918.67
010    @a7-80195-566-8@dCNY46.00
100    @a20060104d2007 em y0chiy0110 ea
101 2  @achi@aeng@cger
102    @aCN@b110000
105    @ay z 000yy
200 1  @a实践理性批判@9shi jian li xing pi pan@dCritique of practial reason@e英汉对照@f(德)伊曼纽尔·康德(Immanuel Kant)著@g张永奇译@zeng
210    @a北京@c九州出版社@d2007
215    @a29,324页@d23cm
225 2  @a西方学术经典文库
305    @a据Macmillan Publishing Company, A Division of Macmillan, Inc, 1993年版本译出
308    @a丛书第一辑
330    @a本书是这位德国哲学大师的古典哲学思想重要著述之一,大师从人的纯粹理性现实具有的实践能力出发并以之作为标准,去批判和评价一般的理性在实践活动中的种种表现,即“道德律”。
461  0 @12001 @a西方学术经典文库
510 1  @aCritique of practial reason@zeng
606 0  @a德国古典哲学
606 0  @a无神论
690    @aB91@v4
690    @aB516.31@v4
701  0 @c(德)@a康德@9kang de@c(Kant, Immanuel@f1724~1804)@4著
702  0 @a张永奇@9zhang yong qi@c(哲学)@4译
801  0 @aCN@bNLC@c20070805
905    @a10447@dB516.31@e131
    
    实践理性批判=Critique of practial reason:英汉对照/(德)伊曼纽尔·康德(Immanuel Kant)著/张永奇译.-北京:九州出版社,2007
    29,324页;23cm.-(西方学术经典文库)
    
    
    ISBN 7-80195-566-8:CNY46.00
    本书是这位德国哲学大师的古典哲学思想重要著述之一,大师从人的纯粹理性现实具有的实践能力出发并以之作为标准,去批判和评价一般的理性在实践活动中的种种表现,即“道德律”。
●
相关链接 在E读中查询图书 在五车中查询图书 在当当中查询图书 在豆瓣中查询图书


正题名:实践理性批判     索取号:B516.31/131         预约/预借

序号 登录号 条形码 馆藏地/架位号 状态 备注
1 0807768   208077686   第一样本阅览室/ [索取号:B516.31/131] 在馆    
2 0807769   208077695   第一借阅区/ [索取号:B516.31/131] 在馆    
3 0807770   208077702   教育系资料室/ [索取号:B516.31/131] 在馆    
4 0807771   208077711   教育系资料室/ [索取号:B516.31/131] 在馆    
5 0807772   208077720   第一借阅区/ [索取号:B516.31/131] 在馆    
6 0807773   208077739   教育系资料室/ [索取号:B516.31/131] 在馆    
7 0807774   208077748   第一借阅区/ [索取号:B516.31/131] 在馆    
8 0807775   208077757   教育系资料室/ [索取号:B516.31/131] 在馆    
9 0807776   208077766   第一借阅区/ [索取号:B516.31/131] 在馆    
10 0807777   208077775   第一借阅区/ [索取号:B516.31/131] 在馆    
唐山师范学院图书馆 欢迎您!
大连网信软件有限公司© 版权所有